Normal view
MARC view
- Groundwater Remediation --- Treatment Technologies
Entry Topical Term
001 - CONTROL NUMBER
- control field: 6017
003 - CONTROL NUMBER IDENTIFIER
- control field: NUST
005 - DATE AND TIME OF LATEST TRANSACTION
- control field: 20171106152134.0
008 - FIXED-LENGTH DATA ELEMENTS
- fixed length control field: 171106|| aca||aabn | a|a d
040 ## - CATALOGING SOURCE
- Original cataloging agency: NUST
- Transcribing agency: NUST
150 ## - HEADING--TOPICAL TERM
- Topical term or geographic name entry element: Groundwater Remediation --- Treatment Technologies
670 ## - SOURCE DATA FOUND
- Source citation: Work cat.: (NUST)0: Cheremisinoff, Nicholas P. 2953, Handbook of Groundwater Remediation and Treatment Technologies/, 2004
